00626nam a2200229Ia 4500008004000000041000800040082001200048100001800060245003700078260004100115440000800156650001000164650000800174650001300182650001000195650000900205650000700214690001800221906001100239999001900250952012700269210210b1878 xxu||||| |||| 00| 0 eng d aeng a822/203 aBUKE (Edmund) aSelected works Vol III: Payne Ed aOxfordbAt the Clarendon Pressc1878 aIII aworks aVol aSelected aPayne aIII: aEd aEnglish Prose a012390 c131186d131186 001040748EnglishaALbALcEnglish Literatured2021-02-17g0.00l0o822/203p012390r2021-02-17 00:00:00w2021-02-17yBK